Ground engineering spoil : good management practice. (Record no. 96887)

MARC details
000 -LEADER
fixed length control field 00846cam a2200313 4500
008 - FIXED-LENGTH DATA ELEMENTS--GENERAL INFORMATION
fixed length control field 090401t1997 xxu||||| |||| 00| 0 eng d
020 ## - INTERNATIONAL STANDARD BOOK NUMBER
International Standard Book Number 0860174840
035 ## - SYSTEM CONTROL NUMBER
System control number (Sirsi) u83327
041 ## - LANGUAGE CODE
Language code of text/sound track or separate title eng
050 ## - LIBRARY OF CONGRESS CALL NUMBER
Classification number 614.76
100 ## - MAIN ENTRY--PERSONAL NAME
Personal name Kwan, J.C.T.
245 ## - TITLE STATEMENT
Title Ground engineering spoil : good management practice.
260 ## - PUBLICATION, DISTRIBUTION, ETC.
Place of publication, distribution, etc. London
Name of publisher, distributor, etc. CIRIA
Date of publication, distribution, etc. 1997
300 ## - PHYSICAL DESCRIPTION
Extent 114p : ill. ; 30cm.
350 ## - PRICE (NR) (BK AM CF MU VM SE) [OBSOLETE]
Price 59
490 ## - SERIES STATEMENT
Series statement CIRIA Report
Volume/sequential designation 179
650 ## - SUBJECT ADDED ENTRY--TOPICAL TERM
Topical term or geographic name entry element CONSTRUCTION SITES
650 ## - SUBJECT ADDED ENTRY--TOPICAL TERM
Topical term or geographic name entry element SPOIL
650 ## - SUBJECT ADDED ENTRY--TOPICAL TERM
Topical term or geographic name entry element WASTE MANAGEMENT
690 ## - LOCAL SUBJECT ADDED ENTRY--TOPICAL TERM (OCLC, RLIN)
Topical term or geographic name as entry element ENVIRONMENTAL AND LAND CONSULTANCY
700 ## - ADDED ENTRY--PERSONAL NAME
Personal name Sceal, J.S.
700 ## - ADDED ENTRY--PERSONAL NAME
Personal name Bryson, F.E.
700 ## - ADDED ENTRY--PERSONAL NAME
Personal name Stanbury, J.
700 ## - ADDED ENTRY--PERSONAL NAME
Personal name Bickerdike, J.
700 ## - ADDED ENTRY--PERSONAL NAME
Personal name Jardine, F.M.
710 ## - ADDED ENTRY--CORPORATE NAME
Corporate name or jurisdiction name as entry element Construction Industry Research and Information Association
9 (RLIN) 4810
942 ## - ADDED ENTRY ELEMENTS (KOHA)
Suppress in OPAC 0
948 ## - LOCAL PROCESSING INFORMATION (OCLC); SERIES PART DESIGNATOR (RLIN)
c (OCLC) 27/01/1998
Holdings
Withdrawn status Lost status Source of classification or shelving scheme Damaged status Not for loan Home library Current library Shelving location Date acquired Cost, normal purchase price Total Checkouts Full call number Barcode Date last seen Copy number Cost, replacement price Price effective from Koha item type Public note
    Dewey Decimal Classification     London London Folio 14/09/1999 59.00   CIRIA REPORTS 30054771 27/02/2024 1 59.00 06/08/2019 Book Report 179